Pilgrimage: (Record no. 37471)

MARC details
000 -LEADER
fixed length control field 00889nam a22002297a 4500
005 - DATE AND TIME OF LATEST TRANSACTION
control field 20100723164723.0
010 ## - LCCN (DPL NO)
LC control number ENG-96549
020 ## - INTERNATIONAL STANDARD BOOK NUMBER
International Standard Book Number 9788124604540
Terms of availability 1100.00
020 ## - INTERNATIONAL STANDARD BOOK NUMBER
International Standard Book Number 8124604541
Terms of availability 1100.00
035 ## - SYSTEM CONTROL NUMBER
System control number EN-80082
037 ## - SOURCE OF ACQUISITION
Source of stock number/acquisition DBAD/PUB
082 ## - DEWEY DECIMAL CLASSIFICATION NUMBER
Classification number 203.50954
245 ## - TITLE STATEMENT
Title Pilgrimage:
Remainder of title sacred landscapes and self-organized complexity /
Statement of responsibility, etc edited by John Mckim Malville [and] Baidyanath Saraswati
260 ## - PUBLICATION, DISTRIBUTION, ETC. (IMPRINT)
Place of publication, distribution, etc New Delhi
Name of publisher, distributor, etc Indira Gandhi National Centre for the Arts
Date of publication, distribution, etc 2009
270 ## - ADDRESS
Address F-52, Bali Nagar Ramesh Nagar Metro Station
City New Delhi
Postal code 110015
300 ## - PHYSICAL DESCRIPTION
Extent x, 359p.
Dimensions 25cm (Hb)
500 ## - GENERAL NOTE
General note Includes index
700 ## - ADDED ENTRY--PERSONAL NAME
Personal name Malville, John Mckim
9 (RLIN) 1103
700 ## - ADDED ENTRY--PERSONAL NAME
Personal name Saraswati, Baidyanath
9 (RLIN) 1104
942 ## - ADDED ENTRY ELEMENTS (KOHA)
Source of classification or shelving scheme Dewey Decimal Classification
Item type English Books
Call number suffix PIL
Classification part 203.50954
Holdings
Withdrawn status Lost status Not for loan Collection code Home library Current library Date acquired Source of acquisition Cost, normal purchase price Full call number Barcode Copy number Cost, replacement price Koha item type
    Not For Loan Non-fiction D.B.Act.Division D.B.Act.Division 23/07/2010 DBAD/PUB 1100.00 PIL EN-80082 1 1100.00 English Books

© Delhi Public Library
Hit Counter
free hit counter